Kiss Emánuelné sz. Kiss Regina életének 74. évében elhunyt
Elmentve itt :
| Dokumentumtípus: | Cikk |
|---|---|
| Megjelent: |
1924-01-06
|
| Sorozat: | Délmagyarország
5 No. 5 |
| Kulcsszavak: | Kiss Emánuelné Kiss Regina, Haláleset Szeged 1924, Szeged, Halálozás |
| Online Access: | http://dmarchiv.bibl.u-szeged.hu/37274 |
| LEADER | 00494nab a2200145 i 4500 | ||
|---|---|---|---|
| 001 | delm37274 | ||
| 005 | 20180927112933.0 | ||
| 008 | 180927s1924 hu o 0|| hun d | ||
| 040 | |a SZTE Délmagyarország Archívum |b hun | ||
| 041 | |a hun | ||
| 245 | 0 | 0 | |a Kiss Emánuelné sz. Kiss Regina |h [elektronikus dokumentum] : |b életének 74. évében elhunyt |
| 260 | |c 1924-01-06 | ||
| 300 | |a 7 | ||
| 490 | 0 | |a Délmagyarország |v 5 No. 5 | |
| 695 | |a Kiss Emánuelné Kiss Regina, Haláleset Szeged 1924, Szeged, Halálozás | ||